Statistics for Countries Bordering Unknown Sea #5

Click here to take the quiz!

General Stats

  • This quiz has been taken 343 times
  • The average score is 9 of 9

Answer Stats

Country% Correct
YYemen
100%
JJordan
98%
DDjibouti
97%
EEgypt
97%
EEritrea
97%
IIsrael
97%
SSaudi Arabia
97%
Red Sea
93%
SSudan
92%

Score Distribution

Percentile by Number Answered

Percent of People with Each Score

Your Score History

You have not taken this quiz